000 00957nam a2200253Ia 4500
003 OSt
005 20220923222044.0
006 a|||||r|||| 00| 0
007 ta
008 tel
024 _a202,729
037 _cTextual
040 _aARTS
_cARTS
_btel
041 _2tel
_atel
082 _aO35,2NNAx, 152K3
100 _aनार्ल, वेकटेश्वर राव; रेड्डी, बालशौरि, अनु.
_9165779
245 0 _aप्रतिनिधि रचनाएं नई धरती
246 _aPratinidhi rachanāean naī dharatī
260 _c1963
490 _aज्ञानपीठ लोकोदय ग्रन्थमाला
650 _aतेलुगु साहित्य
_9156264
942 _hO35,2NNAx, 152K3
_cTEXL
_2CC
999 _c353553
_d353553